The Road to Ukraine's Independence (Запис № 424007)

МАРК-запис
000 -Лідер
fixed length control field 00780nam a22002657a 4500
001 - Контрольний номер
control field 44119
003 - Ідентифікатор контрольного номера
control field UA-OsUOA
005 - Дата та час останнього входження (трансакції)
control field 20191118142610.0
007 - Фіксоване поле фізичного опису
fixed length control field ta
008 - Елементи даних фіксованої довжини – загальна інформація
fixed length control field 20100216b un ||||| |||| 00| 0 ukr d
040 ## - Джерело каталогізації
Агенція оригінальної каталогізації UA-OsUOA
Мова каталогізації eng
Агенція, яка здійснювала перезапис UA-OsUOA
Агенція, яка здійснювала модифікацію UA-OsUOA
041 ## - Код мови
Код мови тексту/ звукової доріжки чи окремого заголовка (П) eng
080 ## - Індекс Універсальної десяткової класифікації
Індекс Універсальної десяткової класифікації (УДК) (НП) 82-92(Публ.)
090 ## - Локальний шифр розміщення
Класифікаційний індекс УДК 82-92(Публ.)
100 ## - Основне введення – ім’я особи
Ім’я особи (НП) Melnitchenko E.
245 ## - Відомості про назву
Назва (НП) The Road to Ukraine's Independence
Дані про відповідальність (НП) Eugene Melnitchenko
260 ## - Публікація, розповсюдження і т.п. (Вихідні дані)
Дата публікації, розповсюдження і т.п. (П) 2010
300 ## - Фізичний опис
Обсяг 157 p.
650 #7 - Додаткове предметне введення – тематичний термін
Тематичний термін чи географічна назва, як елемент введення (НП) 82 Література. Літературознавство
Джерело заголовка чи терміна UDC
700 ## - Додаткове введення – ім'я особи
Ім’я особи (НП) Mann-Melnitchenko Helena
942 ## - Додаткові елементи входу (Коха)
Тип елемента Koha Книги
Source of classification or shelving scheme Universal Decimal Classification
955 ## - Код типу видання за змістом
Код типу видання за змістом (НП) Науково-популярні видання
Фонди
Стан вилучень Стан втрат Джерело класифікації або схеми стелажів Стан уражень Не для кредиту Постійне місце розташування Поточне розміщення Дата придбання Джерело придбання Вартість, звичайна ціна покупки Інвентарний номер Усього замовленно Штрих-код Дата останнього перегляду Ціна ефективна від Тип елемента Koha
    Universal Decimal Classification     Наукова бібліотека ІДУД Наукова бібліотека ІДУД 16/02/2010 109/2007 1.00 2131328   2131328 14/09/2019 16/02/2010 Книги
    Universal Decimal Classification     Наукова бібліотека ІДУД Наукова бібліотека ІДУД 16/02/2010 109/2007 1.00 2131329   2131329 14/09/2019 16/02/2010 Книги